| 000 | 00463ntaaa2200181 4500 | ||
|---|---|---|---|
| 003 | 01 | ||
| 005 | 20251027202812.0 | ||
| 008 | 0714s1973 ag 01 | ||
| 040 |
_aAR-BaBN _bspa _cAR-BaBN _eaacr _dRIC |
||
| 082 | _a900.0000 W454 | ||
| 100 |
_aWells, H.G. _922490 |
||
| 245 | _aEsquema de la historia universal | ||
| 250 | _a1 ed. | ||
| 260 |
_aBuenos Aires : _bEdiciones Anaconda, _cs.f. |
||
| 300 | _a2 tomos | ||
| 650 |
_ahistoria universal _913667 |
||
| 942 | _cBK | ||
| 999 |
_c23393 _d23393 |
||